[Event "Olympiad-44"]
[Site "Chennai"]
[Date "2022.08.02"]
[Round "5.2"]
[White "Terubea, Ronald"]
[Black "Alegre, Fabio Costa"]
[Result "0-1"]
[WhiteElo "1742"]
[BlackElo "1809"]
[PlyCount "58"]
[EventDate "2022.07.29"]
[EventType "team-swiss"]
[EventRounds "11"]
[EventCountry "IND"]
[SourceTitle "CBM 210"]
[Source "ChessBase"]
[SourceDate "2022.10.31"]
[SourceVersion "1"]
[SourceVersionDate "2022.10.31"]
[SourceQuality "1"]
[WhiteTeam "Fiji"]
[BlackTeam "Sao Tome and Principe"]
[WhiteTeamCountry "FIJ"]
[BlackTeamCountry "SAO"]

1. e4 c5 2. Bc4 e6 3. Nc3 Nc6 4. Nf3 d6 5. d4 cxd4 6. Nxd4 a6 7. a4 Nf6 8. Bg5 Be7 9. 0-0 0-0 10. Nxc6 bxc6 11. a5 Rb8 12. b3 d5 13. exd5 cxd5 14. Bd3 Qc7 15. Bd2 e5 16. Na4 Re8 17. Re1 e4 18. Bf1 Bd6 19. g3 d4 20. c4 h5 21. Nb6 Bg4 22. Be2 e3 23. Bc1 exf2+ 24. Kxf2 Ne4+ 25. Kg2 Nc3 26. Bxg4 Nxd1 27. Rxe8+ Rxe8 28. Bxd1 Qb7+ 29. Bf3 Re2+ 0-1

[Event "Olympiad-44"]
[Site "Chennai"]
[Date "2022.07.31"]
[Round "3.3"]
[White "Terubea, Ronald"]
[Black "Pesqueira, Jose"]
[Result "1-0"]
[WhiteElo "1742"]
[BlackElo "1809"]
[PlyCount "125"]
[EventDate "2022.07.29"]
[EventType "team-swiss"]
[EventRounds "11"]
[EventCountry "IND"]
[SourceTitle "CBM 210"]
[Source "ChessBase"]
[SourceDate "2022.10.31"]
[SourceVersion "1"]
[SourceVersionDate "2022.10.31"]
[SourceQuality "1"]
[WhiteTeam "Fiji"]
[BlackTeam "Aruba"]
[WhiteTeamCountry "FIJ"]
[BlackTeamCountry "ARN"]

1. e4 b6 2. d4 Bb7 3. d5 Na6 4. Bxa6 Bxa6 5. b3 e6 6. Ne2 Qf6 7. c3 Qg6 8. 0-0 Qxe4 9. Re1 Nf6 10. dxe6 dxe6 11. Nf4 Qc6 12. Qc2 Be7 13. Ba3 Bxa3 14. Nxa3 0-0-0 15. c4 Qd6 16. Qc1 g5 17. Ne2 Ng4 18. Ng3 h6 19. Nb5 Bxb5 20. cxb5 Qd2 21. Re2 Qxc1+ 22. Rxc1 Nf6 23. Rec2 Rd7 24. f3 Rhd8 25. Nf1 Nd5 26. g3 Nb4 27. Rc4 Nd3 28. R1c2 Nc5 29. Kf2 f5 30. Re2 Rd6 31. Rec2 R8d7 32. Re2 e5 33. Kg2 e4 34. fxe4 Nxe4 35. Ne3 Rd2 36. Rc2 Rxe2+ 37. Rxe2 Rf7 38. Nxf5 Rxf5 39. Rxe4 Rxb5 40. Re8+ Kb7 41. Rh8 Rd5 42. Rxh6 Rd2+ 43. Kf3 Rxa2 44. Kg4 Ra5 45. Rh5 Rb5 46. Rxg5 Rxb3 47. h4 Rb4+ 48. Kf5 Rb1 49. h5 Rh1 50. Kg6 a5 51. h6 a4 52. Rh5 Rg1 53. h7 a3 54. h8Q a2 55. Rh1 a1Q 56. Qxa1 Rxa1 57. Rxa1 c5 58. Kf5 b5 59. Ke4 Kb6 60. g4 b4 61. g5 b3 62. Kd3 Kb5 63. Kc3 1-0

[Event "Olympiad-44"]
[Site "Chennai"]
[Date "2022.07.29"]
[Round "1.3"]
[White "Chaves Sanchez, Gabriel A"]
[Black "Terubea, Ronald"]
[Result "1-0"]
[WhiteElo "2125"]
[BlackElo "1742"]
[PlyCount "45"]
[EventDate "2022.07.29"]
[EventType "team-swiss"]
[EventRounds "11"]
[EventCountry "IND"]
[SourceTitle "CBM 210"]
[Source "ChessBase"]
[SourceDate "2022.10.31"]
[SourceVersion "1"]
[SourceVersionDate "2022.10.31"]
[SourceQuality "1"]
[WhiteTeam "Costa Rica"]
[BlackTeam "Fiji"]
[WhiteTeamCountry "CRI"]
[BlackTeamCountry "FIJ"]

1. e4 d5 2. exd5 Nf6 3. d4 Nxd5 4. Nf3 Bg4 5. Be2 e6 6. 0-0 Nc6 7. c4 Nb6 8. Nc3 Qd7 9. d5 Bxf3 10. Bxf3 Ne5 11. dxe6 Qxd1 12. exf7+ Kxf7 13. Bxd1 Nbxc4 14. Bb3 Bc5 15. Kh1 b5 16. Nxb5 Kf6 17. f4 Nd3 18. Bxc4 Nf2+ 19. Rxf2 Bxf2 20. Bd2 c6 21. Bc3+ Kg6 22. Nd6 c5 23. Bf7+ 1-0

[Event "Oceania zt"]
[Site "Nadi"]
[Date "2013.05.07"]
[Round "5"]
[White "Kumar, Manoj"]
[Black "Terubea, Ronald"]
[Result "1-0"]
[WhiteElo "2012"]
[BlackElo "1642"]
[PlyCount "89"]
[EventDate "2013.05.05"]
[EventType "swiss"]
[EventRounds "9"]
[EventCountry "FIJ"]
[SourceTitle "CBM 154 Extra"]
[Source "ChessBase"]
[SourceDate "2013.06.25"]
[SourceVersion "2"]
[SourceVersionDate "2013.06.25"]
[SourceQuality "1"]

1. Nf3 d6 2. d4 c6 3. c4 d5 4. Nc3 e6 5. e3 g6 6. Be2 Bg7 7. 0-0 Ne7 8. e4 dxe4 9. Nxe4 Nf5 10. Bg5 f6 11. Bf4 Nxd4 12. Nd6+ Kf8 13. Qxd4 e5 14. Nxe5 fxe5 15. Bxe5 Rg8 16. Qf4+ Bf5 17. Nxf5 Bxe5 18. Qxe5 gxf5 19. Qxf5+ Kg7 20. Bd3 Nd7 21. Qxh7+ Kf8 22. Qh6+ Rg7 23. Qh8+ Kf7 24. Qxd8 Rxd8 25. Rad1 Re8 26. Rfe1 Ne5 27. Be2 Kf6 28. b3 Rge7 29. Kf1 Kg5 30. g3 Kf5 31. f4 Ng4 32. Bxg4+ Kxg4 33. Rxe7 Rxe7 34. Re1 Rd7 35. Kf2 Kh3 36. Re5 Rd2+ 37. Re2 Rd7 38. Kf3 Rd3+ 39. Ke4 Rd7 40. Kf5 b5 41. cxb5 cxb5 42. Ke6 Rd8 43. Ke7 Rd5 44. Rf2 Kg4 45. f5 1-0